|
|
|
|
| LEADER |
00000nam a2200000 a 4500 |
| 001 |
vtls001182979 |
| 003 |
SK-MaSNL |
| 005 |
20260311122514.0 |
| 008 |
240226s1995 xr aa r 1yy 0 cze |
| 015 |
|
|
|a SNBZSA1996-00014
|
| 020 |
|
|
|a 8085270390
|
| 020 |
|
|
|a 8085765446
|
| 035 |
|
|
|a SNK000126028
|
| 035 |
|
|
|a urn:nbn:sk:snk-amkeyg
|
| 035 |
|
|
|a urn:nbn:sk:snk-am008iv5
|
| 035 |
|
|
|a 64EE1B42-5073-4B03-8803-89C163153C31
|
| 040 |
|
|
|a SNK
|b slo
|c SNK
|e AACR2
|
| 041 |
0 |
|
|a cze
|
| 043 |
|
|
|a e-cs
|
| 044 |
|
|
|a xr
|c CZ
|
| 080 |
|
|
|a 332.021.83:282(437)"1945/1948"=850
|2 1981
|
| 080 |
|
|
|a 322:282(437)"1945/1948"=850
|2 1981
|
| 245 |
0 |
0 |
|a Katolická církev a pozemková reforma 1945-1948
|b dokumentace
|c k vydání připravili Milena Janišová a Karel Kaplan
|
| 260 |
|
|
|a Praha
|b Ústav pro soudobé dějiny
|a Brno
|b Doplněk
|c 1995
|
| 300 |
|
|
|a 499 s.
|b tab.
|c 22 cm
|
| 504 |
|
|
|a Obsahuje bibliogr. odkazy a men. reg.
|
| 610 |
2 |
7 |
|a Katolícka cirkev
|2 SNKKA
|9 206702
|
| 648 |
|
7 |
|a 1945-1948
|2 SNK
|9 281391
|
| 650 |
0 |
7 |
|a pozemkové reformy
|2 SNKPH
|9 81027
|
| 650 |
0 |
7 |
|a štát a cirkev
|2 SNKPH
|9 4233
|
| 651 |
|
7 |
|a Československo
|2 SNKPHgeo
|9 21376
|
| 655 |
|
7 |
|a dokumenty
|2 SNK
|9 70482
|
| 700 |
1 |
|
|a Janišová, Milena
|4 com
|9 349487
|
| 700 |
1 |
|
|a Kaplan, Karel,
|d 1928-2023
|4 com
|9 228943
|
| 919 |
|
|
|a 80-85270-39-0
|
| 919 |
|
|
|a 80-85765-44-6
|
| 958 |
|
|
|a OND
|
| 958 |
|
|
|a ZS
|
| 958 |
|
|
|a TL
|
| 958 |
|
|
|a NB
|
| 999 |
|
|
|c 594756
|d 596686
|
| 952 |
|
|
|t P60, <03>, [BOOK], {603}
|a SNK
|b SNK
|y PREZ
|7 0
|p 17A0000840
|o snkSC 90082
|i snkV 00309/96
|0 0
|1 0
|4 0
|d 1996-03-04
|f 1
|l 0
|r 2025-09-09 00:00:00
|w 2026-02-23
|